| 000 | 00474nam a22001337a 4500 | ||
|---|---|---|---|
| 040 | _cRUA | ||
| 082 | _aLMA TAN 2015 B495 O.r1 | ||
| 100 | _aTANG EANGIM; តាំង អៀងងឹម | ||
| 245 | _aStudy on borey development in phnom penh, សិក្សាអំពីការអភិវឌ្ឍបុរីនៅរាជធានីភ្នំពេញ | ||
| 260 |
_aPhnom Penh _bRUA _c2015 |
||
| 300 |
_ax,40p. _bill. _c29cm. |
||
| 856 | _uTANG EANGIM | ||
| 942 | _cLMA | ||
| 999 |
_c8303 _d8303 |
||